Countries driving on the left side - Statistics

General Stats
  • This quiz has been taken 359 times
    346 since last reset
  • The average score is 29 of 49
Answer Stats
Hint Answer % Correct
Europe United Kingdom
95%
Oceania Australia
88%
Europe Ireland
82%
Oceania New Zealand
81%
Asia India
78%
Africa South Africa
77%
Caribbean Jamaica
76%
Asia Japan
73%
Caribbean Bahamas
70%
Caribbean Barbados
67%
Caribbean Antigua and Barbuda
66%
Africa Kenya
65%
Africa Zimbabwe
65%
Asia Bangladesh
64%
Oceania Fiji
64%
Asia Indonesia
64%
Asia Pakistan
64%
Africa Zambia
64%
Caribbean Trinidad and Tobago
63%
South America Guyana
62%
Africa Tanzania
61%
Caribbean Dominica
60%
Caribbean Grenada
59%
Africa Lesotho
59%
Asia Malaysia
59%
Europe Malta
59%
Africa Botswana
58%
South America Suriname
58%
Asia Thailand
57%
Africa Namibia
56%
Asia Singapore
55%
Oceania Tonga
54%
Africa Uganda
54%
Asia Bhutan
52%
Asia Nepal
52%
Europe Cyprus
51%
Africa Mozambique
51%
Caribbean St. Kitts and Nevis
50%
Oceania Solomon Islands
49%
Caribbean St. Lucia
49%
Asia Sri Lanka
48%
Caribbean St. Vincent and Grenadines
47%
Africa Swaziland
46%
Asia Brunei
45%
Africa Malawi
44%
Asia Papua New Guinea
38%
Africa Mauritius
37%
Africa Seychelles
37%
Africa Somalia
37%
No matching quizzes found
Score Distribution
Percent of People with Each Score
Percentile by Number Answered
Your Score History
You have not taken this quiz since the last reset